• 首页
  • 本馆介绍
  • 公告通知
  • 最新文献
  • 馆藏检索
  • 电子资源
  • 读者导购
  • 参考咨询
  • 我的图书馆
  • 登录
  • 详细信息显示
  • 放入我的书架
  • 预约/预借图书
  • 作者相关作品
  • 分类相关作品
  • 丛书相关作品
  • 出版社相关作品

书目信息

  • 表格格式
  • 工作单格式
  • 卡片格式
题名:
生态生物化学工程
    
 
作者: 陈洪章 编著
分册:  
出版信息: 北京   化学工业出版社  2008
页数: 278页
开本: 24cm
丛书名:
单 册:
中图分类: TQ033
科图分类:
主题词: 生态学--应用--生物化学--化学反应工程 , 生态学 , 生物化学 , 化学反应工程
电子资源:
ISBN: 978-7-122-01832-8
000 01022nam0 2200265 45
005 20100303145648.51
010    @a978-7-122-01832-8@b精装@dCNY43.00
100    @a20091208d2008 em y0chiy0110 ea
101 0  @achi
102    @aCN@b110000
105    @aa z 000yy
106    @ar
200 1  @a生态生物化学工程@ASheng Tai Sheng Wu Hua Xue Gong Cheng@dEcological biochemical engineering@f陈洪章编著@FChen Hong Zhang Bian Zhu@zeng
210    @a北京@c化学工业出版社@d2008
215    @a278页@c图@d24cm
330    @a本书阐述生物化学工程运行框架的主要问题以及现代生物技术和工业生态学的最新进展,生态生物化学工程基本原理和方法,生态生物化学工程的规划和设计原则以及关键技术平台,生态生物化学工程的技术范例。
510 1  @aEcological biochemical engineering@zeng
606 0  @a生态学@x应用@x生物化学@x化学反应工程
606 0  @a生态学
606 0  @a生物化学
606 0  @a化学反应工程
690    @aTQ033@v4
701  0 @a陈洪章@AChen Hong Zhang@4编著
801  0 @aCN@bTANGWEI@c20100303
905    @b0583645-49@dTQ033@e189@f5
    
    生态生物化学工程=Ecological biochemical engineering/陈洪章编著.-北京:化学工业出版社,2008
    278页:图;24cm
    
    
    ISBN 978-7-122-01832-8(精装):CNY43.00
    本书阐述生物化学工程运行框架的主要问题以及现代生物技术和工业生态学的最新进展,生态生物化学工程基本原理和方法,生态生物化学工程的规划和设计原则以及关键技术平台,生态生物化学工程的技术范例。
●
相关链接 在E读中查询图书 在五车中查询图书 在当当中查询图书 在豆瓣中查询图书


正题名:生态生物化学工程     索取号:TQ033/189         预约/预借

序号 登录号 条形码 馆藏地/架位号 状态 备注
1 0583645   205836452   第二样本阅览室/ [索取号:TQ033/189] 在馆    
2 0583646   205836461   密集书库-化学系/ [索取号:TQ033/189] 在馆    
3 0583647   205836470   第三借阅区/ [索取号:TQ033/189] 在馆    
4 0583648   205836489   第三借阅区/ [索取号:TQ033/189] 在馆    
5 0583649   205836498   密集书库-生命科学系/ [索取号:TQ033/189] 在馆    
唐山师范学院图书馆 欢迎您!
大连网信软件有限公司© 版权所有